Statistics for top 10 highest paid athletes

Click here to take the quiz!

General Stats

  • This quiz has been taken 22 times
  • The average score is 4 of 10

Answer Stats

HintAnswer% Correct
105 millionTiger Woods
93%
48 millionKobe Bryant
71%
42.8 millionLebron James
71%
43.7 millionDavid Beckham
50%
43 millionRoger Federer
43%
65 millionFloyd Mayweather
29%
39.9 millionEli Manning
21%
46 millionPhil Mickelson
21%
42 millionManny Pacquiao
14%
38.3 millionTerrell Suggs
7%

Score Distribution

Percentile by Number Answered

Percent of People with Each Score

Your Score History

You have not taken this quiz